Every NBA Teams Most Followed Player on Instagram - Statistics

General Stats
  • This quiz has been taken 87 times
  • The average score is 18 of 30
Answer Stats
Team Followers Player % Correct
LAL 159M LeBron James
98%
GSW 56.6M Steph Curry
98%
MEM 9.9M Ja Morant
83%
BOS 6.8M Jayson Tatum
83%
DAL 20M Kyrie Irving
83%
PHI 7.6M Joel Embiid
82%
MIA 9.9M Jimmy Butler
80%
CHA 10.1M LaMelo Ball
80%
CHI 18.2M Lonzo Ball
80%
PHO 13.3M Kevin Durant
77%
ATL 5.1M Trae Young
75%
NOP 5.2M Zion Williamson
75%
LAC 23M Russell Westbrook
74%
MIN 4.3M Karl-Anthony Towns
71%
OKL 3.3M Shai Gilgeous-Alexander
71%
SAS 3.9M Victor Wembanyama
69%
IND 907K Tyrese Haliburton
63%
NYK 983K Julius Randle
54%
WAS 4.8M Kyle Kuzma
52%
ORL 1M Paolo Banchero
52%
DET 613K Cade Cunningham
48%
HOU 2.4M Jalen Green
45%
BKN 7.4M Ben Simmons
40%
DEN 1.8M DeAndre Jordan
31%
UTA 2M Jordan Clarkson
29%
CLE 3.8M Tristan Thompson
23%
POR 566K Scoot Henderson
20%
TOR 1.1M R.J. Barrett
18%
MIL 16.1M Giannis Antetokoumnpo
8%
SAC 1.5M JaVale McGee
5%
No matching quizzes found
Score Distribution
Percent of People with Each Score
Percentile by Number Answered
Your Score History
You have not taken this quiz